000 00497nam a2200181Ia 4500
005 20250923144707.0
008 008 250917s9999 xx 000 0 eng d
037 _aTextual
040 _aDSWL
_beng
_cDSWL
041 _aeng
_2eng
084 _qDSWL
100 _aWarburton, A.A.
_9827448
245 0 _aGuidance in a rural community
_cby A.A. Warburton
260 _aWashington
_bWashington National
_c1952
300 _axx,156p.
942 _cTEXL
999 _c1442134
_d1442134